[Event "Match"]
[Site "www.echecsemail.com"]
[Date "2016.06.21"]
[Round "1"]
[White "Snickers"]
[Black "Ditto"]
[WhiteElo "1809"]
[BlackElo "1620"]
[Result "0-1"]
[Round "1"]
1.d4 d5
2.Bc1f4 Ng8f6
3.e3 Bc8f5
4.Bf1d3 Bf5g4
5.Bd3e2 Bg4f5
6.Ng1f3 Nb8c6
7.O-O e6
8.a3 Bf8e7
9.Nb1d2 O-O
10.c4 Nf6e4
11.Nd2xe4 dxe4
12.Nf3e5 Nc6b8
13.b4 Be7f6
14.h3 a6
15.Ra1b1 Bf6xe5
16.Bf4xe5 Nb8c6
17.Be5g3 Nc6e7
18.Qd1b3 c6
19.Rf1d1 Ne7g6
20.a4 Qd8e7
21.c5 Qe7g5
22.b5 a5
23.Qb3c3 Qg5f6
24.bxc6 bxc6
25.Rb1b6 Ng6e7
26.Rd1b1 Ne7d5
27.Qc3d2 Nd5e7
28.Rb6b7 Ne7d5
29.Bg3e5 Qf6g5
30.Be5g3 Nd5b4
31.Bg3f4 Qg5g6
32.Bf4g3 Ra8d8
33.Rb7a7 Rd8a8
34.Ra7xa8 Rf8xa8
35.Qd2c3 Qg6f6
36.Bg3e5 Qf6g6
37.Be5g3 Qg6f6
38.Bg3e5 Qf6g6
39.g4 h5
40.Kh1 hxg4
41.hxg4 Bf5xg4
 { time }
0-1

[Event "Match"]
[Site "www.echecsemail.com"]
[Date "2016.06.21"]
[Round "1"]
[White "Milkyway"]
[Black "Calponas"]
[WhiteElo "1809"]
[BlackElo "2100"]
[Result "0-1"]
[Round "1"]
1.e4 c5
2.Ng1f3 Nb8c6
3.Bf1b5 Nc6d4
4.Nf3xd4 cxd4
5.O-O a6
6.Bb5e2 e5
7.d3 d6
8.f4 Bf8e7
9.fxe5 dxe5
10.Nb1d2 Bc8e6
11.Nd2f3 Qd8c7
12.Bc1d2 Ng8f6
13.c4 O-O
14.b4 b6
15.Nf3g5 Be6d7
16.a3 h6
17.Ng5f3 Kh7
18.Ra1c1 Qc7d6
19.Rc1b1 Rf8c8
20.Kh1 Nf6g8
21.Qd1e1 f5
22.Qe1d1 Ng8f6
23.exf5 Bd7xf5
24.Nf3h4 Bf5e6
25.Nh4f5 Be6xf5
26.Rf1xf5 g6
27.Rf5f1 Ra8a7
28.Be2f3 Be7f8
29.Qd1e2 Kg7
30.Rf1c1 Ra7c7
31.Rc1c2 Qd6d7
32.Rb1f1 Bf8d6
33.g3 Rc8e8
34.Bf3g2 e4
35.Bd2xh6 Kxh6
36.Rf1xf6 e3
37.Bg2e4 Re8xe4
38.dxe4 Bd6e5
39.Rf6f3 Qd7h3
 { time }
0-1

[Event "1/8 Finale"]
[Site "www.chess-mail.com"]
[Date "2016.06.21"]
[Round "1"]
[White "George1955"]
[Black "Asoka"]
[WhiteElo "2760"]
[BlackElo "2730"]
[Result "1-0"]
[Round "1"]
1.e4 c5
2.Ng1f3 Nb8c6
3.d4 cxd4
4.Nf3xd4 e5
5.Nd4b5 d6
6.c4 Bf8e7
7.Nb1c3 a6
8.Nb5a3 Ng8f6
9.Na3c2 O-O
10.Bf1d3 Bc8e6
11.O-O Nf6d7
12.b3 Ra8c8
13.Bc1b2 Nd7c5
14.Bd3e2 Be7g5
15.Bb2a3 Bg5f6
16.Rf1e1 Nc6d4
17.Ra1c1 b5
18.cxb5 Nd4xe2
19.Qd1xe2 Nc5xb3
20.axb3 Rc8xc3
21.bxa6 Qd8b6
22.Qe2d2 Rf8c8
23.Nc2b4 Rc3xb3
24.Rc1xc8 Be6xc8
25.Re1c1 Bc8xa6
26.Qd2a2 Rb3xb4
27.Ba3xb4 Bf6e7
28.Qa2a4 Ba6b7
29.Rc1c4 h6
30.Qa4e8 Be7f8
31.h3 Bb7a6
32.Qe8c6 Qb6a7
33.Rc4c3 Qa7d4
34.Qc6xa6 Qd4xb4
35.Rc3c8 Qb4e1
36.Kh2 Qe1xf2
37.Qa6a4 { resign }
1-0

[Event "1/32 Finale"]
[Site "www.chess-mail.com"]
[Date "2016.06.21"]
[Round "1"]
[White "Bevittsmith"]
[Black "Panham"]
[WhiteElo "2300"]
[BlackElo "2200"]
[Result "1-0"]
[Round "1"]
1.e4 c6
2.Nb1c3 d5
3.Ng1f3 dxe4
4.Nc3xe4 Bc8f5
5.Ne4g3 Bf5g6
6.h4 h6
7.Nf3e5 Bg6h7
8.Qd1h5 g6
9.Bf1c4 e6
10.Qh5e2 Qd8c7
11.d4 Bf8g7
12.Bc1f4 Nb8d7
13.Ne5xg6 Qc7a5
14.Bf4d2 Qa5b6
15.Ng6xh8 Bg7xh8
16.Bd2c3 O-O-O
17.O-O-O Ng8e7
18.Bc4d3 Bh7xd3
19.Rd1xd3 Ne7d5
20.Qe2f3 Nd5xc3
21.bxc3 f5
22.Rh1e1 Qb6a5
23.Re1xe6 { resign }
1-0

[Event "1/64 Finale"]
[Site "www.chess-mail.com"]
[Date "2016.06.21"]
[Round "1"]
[White "Egdiogel"]
[Black "Jhzes"]
[WhiteElo "2249"]
[BlackElo "1920"]
[Result "1-0"]
[Round "1"]
1.e4 e5
2.Ng1f3 Ng8f6
3.d4 Nf6xe4
4.Bf1d3 Bf8b4
5.c3 Ne4xc3
6.bxc3 Bb4a5
7.Nf3xe5 d6
8.Ne5xf7 Qd8e7
9.Bc1e3 Qe7xf7
10.Qd1a4 Nb8c6
11.Bd3b5 Qf7d5
12.O-O a6
13.Bb5xc6 bxc6
14.c4 Qd5e4
15.Qa4xa5 Bc8b7
16.Qa5xc7 Qe4e7
17.Qc7xe7 Kxe7
18.Nb1d2 d5
19.c5 Ra8f8
20.Nd2f3 h6
21.Rf1e1 Kd7
22.Nf3e5 { resign }
1-0

[Event "1/4 Finale"]
[Site "www.chess-mail.com"]
[Date "2016.06.21"]
[Round "1"]
[White "Manolinex"]
[Black "Seger"]
[WhiteElo "2870"]
[BlackElo "2760"]
[Result "1/2-1/2"]
[Round "1"]
1.g3 e6
2.Bf1g2 Bf8e7
3.Ng1f3 Ng8f6
4.c4 d5
5.d4 O-O
6.O-O Nb8d7
7.Qd1c2 c6
8.Nb1d2 b6
9.e4 Bc8b7
10.e5 Nf6e8
11.b3 Ne8c7
12.Bc1b2 c5
13.Rf1d1 a5
14.Nd2f1 a4
15.h4 h6
16.Nf1e3 Qd8c8
17.bxa4 Ra8a6
18.Nf3d2 cxd4
19.Bb2xd4 Qc8a8
20.Bg2f1 Ra6xa4
21.Nd2b1 Be7c5
22.Nb1c3 Bc5xd4
23.Rd1xd4 Ra4b4
24.f4 b5
25.Qc2d2 Qa8a7
26.c5 Rb4xd4
27.Qd2xd4 b4
28.Qd4xb4 Bb7a6
29.Bf1g2 Nd7xc5
30.Qb4d4 Ba6d3
31.Ra1d1 Rf8b8
32.Nc3a4 Qa7xa4
33.Qd4xa4 Nc5xa4
34.Rd1xd3 Nc7a6
35.Rd3a3 Rb8b1
36.Kf2 Na4c5
37.h5 Na6b4
38.Ra3a8 Kh7
39.Ke2 Rb1a1
40.Ra8a5 Ra1xa2
41.Ra5xa2 Nb4xa2
42.Ne3c2 Na2c3
43.Ke3 Kg8
44.Bg2f3 Nc3e4
45.g4 Kf8
46.Nc2d4 Ke8
47.Bf3d1 Kd7
48.Bd1c2 Ne4c3
49.Kd2 Nc5e4
50.Kd3 Ke7
51.Nd4c6 Ke8
52.Ke3 Kd7
53.Nc6b4 f6
54.Nb4d3 Ke7
55.exf6 Kxf6
56.Nd3b4 Ne4d6
57.Kd4 Nc3e2
58.Ke3 Ne2g3
59.Kd4 Nd6c4
60.Bc2d3 Nc4b2
61.Bd3a6 Nb2d1
62.Nb4c6 Ng3e4
63.Ba6e2 Nd1f2
64.Ke3 Nf2h1
65.Be2d3 Nh1g3
66.Nc6e5 Ne4c5
67.Bd3g6 Ke7
{ draw }
1/2-1/2

[Event "Eq:Los Tercios-Slap Shot Mates : "]
[Site "www.chess-mail.com"]
[Date "2016.06.21"]
[Round "1"]
[White "Heiserman"]
[Black "Leswamp"]
[WhiteElo "2290"]
[BlackElo "2320"]
[Result "0-1"]
[Round "1"]
1.c4 e5
2.Nb1c3 Ng8f6
3.Ng1f3 Nb8c6
4.e4 Bf8b4
5.d3 d6
6.a3 Bb4xc3
7.bxc3 h6
8.Bf1e2 O-O
9.O-O Nf6h7
10.Bc1e3 f5
11.exf5 Bc8xf5
12.d4 Qd8f6
13.c5 e4
14.Nf3d2 dxc5
15.d5 Nc6d4
16.cxd4 cxd4
17.Be3f4 d3
18.Be2h5 g6
19.Bf4xh6 Rf8f7
20.Bh5g4 Qf6h4
21.Bg4xf5 gxf5
22.Bh6e3 Nh7f6
23.Qd1b3 Rf7h7
24.h3 Kh8
25.Nd2xe4 fxe4
26.d6 c5
27.Qb3e6 Ra8e8
28.Qe6f5 Rh7h5
29.Qf5f4 Qh4xf4
30.Be3xf4 c4
31.Ra1b1 b6
32.Bf4e3 Rh5d5
33.Rf1c1 Re8c8
34.Rb1b4 c3
35.Be3d2 Rd5c5
{ resign }
0-1

[Event "Tourn. n8783"]
[Site "www.chess-mail.com"]
[Date "2016.06.22"]
[Round "1"]
[White "Esperanza"]
[Black "Gatrooper"]
[WhiteElo "1569"]
[BlackElo "1490"]
[Result "1-0"]
[Round "1"]
1.e4 e5
2.Ng1f3 Nb8c6
3.Bf1b5 Nc6d4
4.Nf3xd4 exd4
5.O-O a6
6.Bb5c4 d5
7.Bc4xd5 Bc8e6
8.Bd5xb7 Ra8b8
9.Bb7xa6 Qd8g5
10.f4 Qg5c5
11.Ba6d3 Ng8h6
12.f5 Be6c8
13.a3 Bf8d6
14.b4 Qc5c6
15.Bc1b2 O-O
16.Bb2xd4 f6
17.c4 Nh6f7
18.Nb1c3 Qc6e8
19.Bd3e2 Nf7e5
20.c5 Bd6e7
21.Nc3d5 Bc8b7
22.Bd4xe5 Bb7xd5
23.exd5 fxe5
24.Be2c4 e4
25.d6 Kh8
26.dxe7 Qe8xe7
27.Qd1g4 h6
28.Ra1e1 g5
29.Re1xe4 Qe7f6
30.Re4e6 Qf6g7
31.f6 Qg7g6
32.f7 Qg6c2
33.Re6xh6 Qc2h7
34.Rh6xh7 Kxh7
35.Qg4h5 Kg7
36.Qh5xg5 Kh7
37.Bc4d3 Kh8
38.Qg5h6 { resign }
1-0

[Event "Tourn. n8735"]
[Site "www.chess-mail.com"]
[Date "2016.06.22"]
[Round "1"]
[White "Senitram"]
[Black "Andregor"]
[WhiteElo "2700"]
[BlackElo "2630"]
[Result "1-0"]
[Round "1"]
1.Ng1f3 Ng8f6
2.d4 e6
3.c4 b6
4.g3 Bc8b7
5.Bf1g2 Bf8e7
6.O-O O-O
7.Bc1f4 d6
8.Nb1c3 Nf6e4
9.Nc3xe4 Bb7xe4
10.Nf3e1 Be4xg2
11.Kxg2 c5
12.d5 Nb8a6
13.Ne1c2 Na6c7
14.e4 Qd8d7
15.Qd1d3 f5
16.Ra1e1 e5
17.Bf4d2 f4
18.gxf4 exf4
19.f3 Ra8e8
20.Re1e2 Rf8f7
21.Nc2e1 b5
22.b3 b4
23.Qd3c2 g5
24.e5 dxe5
25.Re2xe5 Be7f6
26.Re5xe8 Nc7xe8
27.Ne1d3 Bf6d4
28.Rf1e1 g4
29.Qc2d1 Rf7g7
30.fxg4 Rg7xg4
31.Kh1 Ne8f6
32.Nd3e5 Bd4xe5
33.Re1xe5 Qd7g7
34.Re5e1 Qg7g6
35.Qd1e2 Qg6c2
36.Bd2c1 Qc2xe2
37.Re1xe2 a6
38.Re2f2 Nf6h5
39.Rf2g2 Rg4g6
40.Rg2xg6 hxg6
41.Kg2 g5
42.Kf3 Nh5f6
43.h4 gxh4
44.Bc1xf4 h3
45.Bf4d6 Nf6h7
46.Kg4 Kf7
47.Kxh3 Nh7g5
48.Kg4 Ng5e4
49.Bd6e5 Ne4c3
50.a4 Nc3e4
51.Be5f4 Kf6
52.a5 Ne4f2
53.Kf3 Nf2d3
54.Bf4d6 Nd3c1
55.Bd6xc5 Nc1xb3
56.Bc5xb4 Ke5
57.Ke3 { resign }
1-0

[Event "Tourn. n8810"]
[Site "www.chess-mail.com"]
[Date "2016.06.22"]
[Round "1"]
[White "Oroden"]
[Black "Fkarpov"]
[WhiteElo "2119"]
[BlackElo "2080"]
[Result "1-0"]
[Round "1"]
1.d4 Ng8f6
2.c4 e6
3.Ng1f3 Bf8b4
4.Bc1d2 c5
5.Bd2xb4 cxb4
6.g3 Qd8a5
7.Nb1d2 Nb8c6
8.e4 e5
9.d5 Nc6d4
10.Nf3xd4 exd4
11.e5 Nf6g8
12.Qd1g4 g6
13.Qg4xd4 Qa5d8
14.Nd2e4 Kf8
15.d6 Qd8e8
16.Bf1g2 Kg7
17.O-O Qe8e6
18.Ne4g5 Qe6f5
19.f4 f6
20.Bg2h3 fxe5
21.Qd4d2 Qf5f8
22.fxe5 { resign }
1-0

[Event "Tourn. n8770"]
[Site "www.chess-mail.com"]
[Date "2016.06.22"]
[Round "1"]
[White "Cal"]
[Black "Redabond"]
[WhiteElo "1520"]
[BlackElo "1530"]
[Result "1/2-1/2"]
[Round "1"]
1.Nb1c3 d5
2.d4 Bc8f5
3.h3 Nb8c6
4.Ng1f3 e6
5.a3 Bf8d6
6.b4 Ng8f6
7.e3 O-O
8.Bf1e2 e5
9.dxe5 Bd6xe5
10.Nf3h4 Bf5e6
11.Bc1b2 d4
12.exd4 Be5xd4
13.Nc3a4 Bd4xb2
14.Na4xb2 Qd8xd1
15.Ra1xd1 Ra8d8
16.O-O Rd8xd1
17.Be2xd1 h6
18.c3 Rf8d8
19.Bd1f3 Rd8d2
20.Nb2d1 Rd2a2
21.Bf3xc6 bxc6
22.f4 Be6d5
23.Nh4f5 Ra2xg2
24.Kh1 Rg2g5
25.Kh2 Rg5xf5
26.Nd1e3 Rf5h5
27.f5 Nf6e4
28.Ne3g4 Ne4xc3
29.Ng4e5 f6
30.Ne5g6 Bd5e4
31.Ng6e7 Kf7
32.Ne7g6 Be4xf5
33.Ng6f4 g5
34.Nf4xh5 Kg6
35.Nh5g3 Bf5e6
36.Rf1f3 Nc3d1
37.Ng3e4 f5
38.Ne4c5 Be6d5
39.Nc5d7 Bd5xf3
40.Nd7e5 Kf6
41.Ne5xf3 g4
42.hxg4 fxg4
43.Nf3d4 Kg5
44.Nd4xc6 Kf4
45.Nc6xa7 g3
46.Kg2 Nd1e3
47.Kg1 Kf3
48.Na7c6 Ne3c4
49.Nc6d4 Ke4
50.Nd4e2 Kf3
51.Ne2d4 Ke4
52.Nd4e2 Kf3
53.Ne2d4 Ke4
54.Nd4e6 c6
55.Kg2 Nc4xa3
56.Ne6c5 Kf4
57.Nc5e6 Kg4
58.Ne6d4 h5
59.Nd4xc6 h4
60.Nc6e5 Kg5
61.Kh3 Kf4
62.Ne5d3 Kf3
63.Nd3e5 Kf2
64.Ne5g4 Kf1
65.Ng4e3 Kf2
66.Ne3g2 Na3b5
67.Ng2xh4 Nb5c3
68.Nh4g2 Kf3
69.Ng2e1 Kf2
70.Ne1g2 Nc3b5
71.Ng2f4 Kf3
72.Nf4g2 Kf2
73.Ng2f4 Kf3
74.Nf4g2 Nb5c3
75.Ng2h4 Kf2
76.Nh4g2 Nc3b5
{ draw }
1/2-1/2

[Event "Tourn. n8837"]
[Site "www.chess-mail.com"]
[Date "2016.06.22"]
[Round "1"]
[White "Libiesse"]
[Black "Pimpampum"]
[WhiteElo "2050"]
[BlackElo "2180"]
[Result "0-1"]
[Round "1"]
1.d4 Ng8f6
2.c4 g6
3.Nb1c3 d5
4.Bc1g5 Nf6e4
5.Nc3xe4 dxe4
6.e3 Bf8g7
7.Ng1e2 O-O
8.f3 exf3
9.gxf3 c5
10.h4 cxd4
11.exd4 Nb8c6
12.Bg5e3 Bc8f5
13.a3 Qd8d7
14.Ra1c1 Ra8d8
15.b4 Nc6xd4
16.Ne2xd4 Bg7xd4
17.Qd1e2 Bd4xe3
18.Qe2xe3 e5
19.Bf1e2 Rf8e8
20.Qe3g5 Bf5d3
21.Rc1d1 e4
22.Rh1h2 Qd7c7
23.Rh2h3 Qc7xc4
24.Qg5c5 Bd3xe2
25.Rd1xd8 Re8xd8
26.Qc5xc4 Be2xc4
27.fxe4 Rd8d3
28.Rh3xd3 Bc4xd3
29.Kd2 Bd3xe4
{ resign }
0-1

[Event "Tourn. n8690"]
[Site "www.chess-mail.com"]
[Date "2016.06.22"]
[Round "1"]
[White "Gearoidmac"]
[Black "Seger"]
[WhiteElo "2309"]
[BlackElo "2720"]
[Result "1/2-1/2"]
[Round "1"]
1.e4 c5
2.Ng1f3 d6
3.d4 cxd4
4.Nf3xd4 g6
5.c4 Ng8f6
6.Nb1c3 Nb8c6
7.Bf1e2 Nc6xd4
8.Qd1xd4 Bf8g7
9.O-O O-O
10.Qd4e3 Bc8g4
11.Rf1d1 Qd8b6
12.Qe3xb6 axb6
13.f3 Bg4e6
14.Nc3d5 Nf6xd5
15.cxd5 Be6d7
16.Bc1g5 Bg7xb2
17.Bg5xe7 Rf8c8
18.Ra1b1 Bb2e5
19.Kf1 Ra8xa2
20.Rd1c1 Rc8xc1
21.Rb1xc1 Bd7a4
22.Rc1c8 Kg7
{ draw }
1/2-1/2

[Event "Tourn. n8765"]
[Site "www.chess-mail.com"]
[Date "2016.06.22"]
[Round "1"]
[White "Milkyway"]
[Black "Huw"]
[WhiteElo "2060"]
[BlackElo "2290"]
[Result "0-1"]
[Round "1"]
1.d4 Ng8f6
2.c4 e6
3.g3 d5
4.Bf1g2 c6
5.cxd5 exd5
6.Ng1f3 Bf8d6
7.O-O O-O
8.Nb1c3 Bc8g4
9.h3 Bg4h5
10.Nf3e5 Nb8d7
11.f4 h6
12.g4 Bh5g6
13.e3 Nf6e4
14.Nc3xe4 Bg6xe4
15.Bg2xe4 dxe4
16.Bc1d2 Nd7xe5
 { time }
0-1

[Event "Tourn. n8740"]
[Site "www.chess-mail.com"]
[Date "2016.06.22"]
[Round "1"]
[White "Gatrooper"]
[Black "Azulmarino"]
[WhiteElo "1480"]
[BlackElo "1480"]
[Result "0-1"]
[Round "1"]
1.e4 e5
2.a3 Bf8c5
3.d3 Ng8f6
4.Bc1g5 h6
5.Bg5xf6 Qd8xf6
6.f3 Nb8c6
7.c3 d6
8.h3 Qf6h4
9.Kd2 Qh4g5
10.Kc2 Bc8e6
11.b4 Bc5b6
12.Nb1d2 O-O-O
13.c4 Nc6d4
14.Kb1 c5
15.b5 Bb6a5
16.Nd2b3 Nd4xb3
17.Qd1xb3 Qg5d2
18.Qb3c2 Qd2e1
19.Ka2 Qe1e3
20.Bf1e2 d5
21.a4 dxc4
22.Kb1 c3
23.Ra1a3 Ba5b4
24.Ra3a1 Bb4a5
25.f4 Qe3xf4
26.h4 h5
27.Be2f3 Rd8d4
28.Ng1e2 Rd4b4
29.Qc2b3 Rb4xb3
30.Kc2 Rb3b2
31.Kd1 Qf4d2
{ resign }
0-1

[Event "Tourn. n8756"]
[Site "www.chess-mail.com"]
[Date "2016.06.22"]
[Round "1"]
[White "Jackbauer"]
[Black "Fred"]
[WhiteElo "1940"]
[BlackElo "1930"]
[Result "0-1"]
[Round "1"]
1.e4 e5
2.f4 d6
3.Ng1f3 Bc8g4
4.h3 Bg4xf3
5.Qd1xf3 Ng8f6
6.Nb1c3 Bf8e7
7.Bf1c4 O-O
8.O-O Nb8c6
9.Nc3e2 exf4
10.Qf3xf4 Nc6e5
11.Bc4b3 c5
12.d3 h6
13.Bc1e3 b6
14.Ne2g3 Ne5g6
15.Qf4f2 d5
16.Ng3f5 dxe4
17.Ra1d1 Qd8c7
18.d4 c4
19.Bb3a4 Nf6d5
20.Be3xh6 Be7f6
21.c3 Kh7
22.Bh6d2 a6
23.Ba4c2 Ra8e8
24.Rd1e1 Nd5e7
25.Bc2xe4 Ne7xf5
26.Qf2xf5 Rf8h8
27.Re1e3 Kg8
28.Qf5g4 Rh8h4
29.Qg4f3 Rh4f4
30.Qf3e2 Bf6g5
31.Be4xg6 Rf4xf1
32.Qe2xf1 Bg5xe3
33.Bd2xe3 Re8xe3
34.Bg6h5 b5
35.Qf1f2 Qc7e7
36.Bh5g4 Re3e1
37.Kh2 Qe7d6
38.g3 Qd6e7
39.Qf2g2 g6
40.Qg2a8 Kg7
41.Qa8c6 Qe7e3
42.Qc6f3 Qe3g1
{ resign }
0-1

[Event "Tourn. n8822"]
[Site "www.chess-mail.com"]
[Date "2016.06.22"]
[Round "1"]
[White "Gegonz"]
[Black "Pwain"]
[WhiteElo "1650"]
[BlackElo "1829"]
[Result "0-1"]
[Round "1"]
1.Ng1f3 Ng8f6
2.e3 d5
3.d4 c5
4.dxc5 e6
5.c4 Bf8xc5
6.Nb1c3 O-O
7.Bf1d3 dxc4
8.Bd3xc4 Qd8xd1
 { time }
0-1

[Event "Tourn. n8822"]
[Site "www.chess-mail.com"]
[Date "2016.06.22"]
[Round "1"]
[White "Nulladies"]
[Black "Gegonz"]
[WhiteElo "1739"]
[BlackElo "1650"]
[Result "1-0"]
[Round "1"]
1.d4 Ng8f6
2.Bc1f4 e6
3.Ng1f3 Bf8e7
4.e3 d5
5.Nb1d2 Nb8d7
6.Nf3e5 O-O
7.Bf1d3 c5
8.c3 c4
9.Bd3c2  { time }
1-0

[Event "Tourn. n8802"]
[Site "www.chess-mail.com"]
[Date "2016.06.22"]
[Round "1"]
[White "Nulladies"]
[Black "Cal"]
[WhiteElo "1499"]
[BlackElo "1540"]
[Result "1-0"]
[Round "1"]
1.d4 d5
2.Ng1f3 h6
3.Bc1f4 Nb8c6
4.e3 Ng8f6
5.Nb1d2 Bc8g4
6.h3 Bg4xf3
7.Qd1xf3 e6
8.c3 a6
9.Bf1d3 Bf8d6
10.O-O-O O-O
11.e4 Bd6xf4
12.Qf3xf4 b5
13.e5 Nf6h5
14.Qf4g4 g6
15.Bd3xg6 Nh5g7
16.Bg6c2 Nc6e7
17.Nd2f1 Ne7f5
18.Nf1g3 a5
19.Bc2xf5 exf5
20.Ng3xf5 Qd8g5
21.Qg4xg5 hxg5
22.Nf5e7 Kh7
23.g4 Ng7e6
24.Ne7xd5 Ne6f4
25.Nd5xf4 gxf4
26.Rd1d3 Ra8a7
27.Rd3f3 b4
28.Rf3xf4 bxc3
29.bxc3 Kg6
30.h4 c5
31.a4 cxd4
32.Rf4xd4 Rf8e8
33.Kc2 Re8xe5
34.h5 Kh6
35.Rd4d6 Kh7
36.Rh1d1 Re5e2
37.Rd1d2 Re2e4
38.Rd6d7 Ra7xd7
39.Rd2xd7 Re4e2
40.Rd7d2 Re2e4
41.Rd2d4 Re4e2
42.Kb3 Re2xf2
43.Kc4 Kh6
44.Kc5 Rf2c2
45.c4 Kg5
46.Kb5 Rc2f2
47.c5 f5
48.c6 fxg4
49.c7 Kxh5
50.c8Q { resign }
1-0

[Event "Tourn. n8836"]
[Site "www.chess-mail.com"]
[Date "2016.06.22"]
[Round "1"]
[White "Pwain"]
[Black "Mitja"]
[WhiteElo "2019"]
[BlackElo "1950"]
[Result "1-0"]
[Round "1"]
1.e4 d5
2.exd5 Qd8xd5
3.Nb1c3 Qd5d8
4.Bf1c4 e6
5.Ng1f3 c6
6.O-O h6
7.d4 Ng8f6
8.Nf3e5 Nb8d7
9.Qd1e2 Nd7xe5
10.dxe5 Nf6d5
11.Nc3e4 Bf8e7
12.Qe2g4 Be7f8
13.Rf1d1 Qd8c7
14.Bc1f4 b6
15.Bf4g3 Bc8b7
16.Ne4d6 Kd8
17.Bc4e2 Bf8xd6
18.exd6 Qc7d7
19.Qg4xg7 Rh8e8
20.c4 Nd5b4
21.a3 Nb4a6
22.b4 Ra8c8
23.Bg3h4 { resign }
1-0

[Event "Tourn. n8736"]
[Site "www.chess-mail.com"]
[Date "2016.06.22"]
[Round "1"]
[White "Sontuozio"]
[Black "Snickers"]
[WhiteElo "2230"]
[BlackElo "2090"]
[Result "1-0"]
[Round "1"]
1.d4 g6
2.Ng1f3 Bf8g7
3.e3 d5
4.Bf1d3 Ng8f6
5.Nb1d2 O-O
6.c3 Nb8d7
7.O-O c5
8.Qd1e2 a6
9.a3 b6
10.b4 Bc8b7
11.e4 Nf6xe4
12.Nd2xe4 dxe4
13.Bd3xe4 Bb7xe4
14.Qe2xe4 Nd7f6
15.Qe4h4 cxd4
16.cxd4 a5
17.Bc1d2 Nf6d5
18.Nf3g5 Nd5f6
19.Ra1c1 h6
20.Ng5f3 g5
21.Qh4g3 Nf6e4
22.Qg3c7 Ne4xd2
23.Nf3xd2 axb4
24.axb4 Qd8xd4
25.Nd2f3 Qd4xb4
26.Rc1b1  { time }
1-0

[Event "Tourn. n8790"]
[Site "www.chess-mail.com"]
[Date "2016.06.22"]
[Round "1"]
[White "Yakke"]
[Black "Ditto"]
[WhiteElo "1720"]
[BlackElo "1710"]
[Result "1-0"]
[Round "1"]
1.e4 e5
2.Ng1f3 Nb8c6
3.a3 Bf8c5
4.d4 exd4
5.Bf1c4 d6
6.Nf3g5 Bc8e6
7.Bc4xe6 fxe6
8.Ng5xe6 Qd8f6
9.Ne6xc7 Kd7
10.Nc7xa8 d3
11.Qd1g4 Kd8
12.Bc1g5 dxc2
13.Nb1c3 Nc6e5
14.Bg5xf6 gxf6
15.Qg4g7 Ng8e7
16.Qg7xh8 { resign }
1-0

[Event "Tourn. n8669"]
[Site "www.chess-mail.com"]
[Date "2016.06.22"]
[Round "1"]
[White "Emiondi"]
[Black "Seger"]
[WhiteElo "2200"]
[BlackElo "2720"]
[Result "0-1"]
[Round "1"]
1.d4 Ng8f6
2.c4 e6
3.Nb1c3 b6
4.Ng1f3 Bf8b4
5.Bc1g5 h6
6.Bg5h4 Bc8b7
7.e3 g5
8.Bh4g3 Nf6e4
9.Qd1c2 d6
10.Nf3d2 Bb4xc3
11.bxc3 Ne4xg3
12.hxg3 Nb8d7
13.Rh1h2 c5
14.Bf1e2 Nd7f6
15.f3 h5
16.Kf2 Qd8c7
17.Ra1h1 O-O-O
18.g4 h4
19.d5 Qc7e7
20.e4 Nf6d7
21.Qc2a4 Qe7f6
22.Qa4c2 Nd7e5
23.Ke1 Bb7a6
24.a4 Rh8e8
25.Rh2h3 Ne5g6
26.g3 exd5
27.cxd5 Ba6xe2
28.Kxe2 Re8h8
29.Kf2 hxg3
30.Kxg3 Rh8xh3
31.Rh1xh3 Rd8h8
32.Rh3xh8 Qf6xh8
33.Kf2 Qh8h4
34.Ke3 Qh4e1
{ resign }
0-1

[Event "Match"]
[Site "www.echecsemail.com"]
[Date "2016.06.22"]
[Round "1"]
[White "Snickers"]
[Black "Huw"]
[WhiteElo "1809"]
[BlackElo "2270"]
[Result "0-1"]
[Round "1"]
1.d4 Ng8f6
2.c4 e6
3.Nb1c3 c5
4.Ng1f3 d5
5.e3 Nb8c6
6.cxd5 Nf6xd5
7.Nc3xd5 Qd8xd5
8.Bf1b5 cxd4
9.Bb5xc6 bxc6
10.Qd1xd4 Bc8a6
11.Qd4xd5 cxd5
12.Bc1d2 Ra8c8
13.Bd2c3 Ba6d3
14.Kd2 Bd3e4
15.Ke2 Bf8d6
16.Ra1c1 O-O
17.Rh1d1 h6
18.a3 g5
19.h3 f5
20.g3 f4
21.gxf4 gxf4
22.Rd1g1 Kf7
23.Rg1g7 Ke8
24.Nf3d2 Be4f5
25.Rc1h1 fxe3
26.fxe3 Rc8c7
27.Rg7xc7 Bd6xc7
28.Nd2f3 Rf8g8
29.Rh1g1 Rg8xg1
30.Nf3xg1 Ke7
31.Bc3d4 a6
32.Kf3 e5
33.Bd4c5 Kd7
34.Bc5f8 e4
35.Ke2 h5
36.Kf2 Bc7h2
37.h4 Bh2e5
38.Ng1e2 Kc6
39.Ne2d4 Be5xd4
40.exd4 Kb5
41.Ke3 Kc4
42.Bf8b4 Kb3
 { time }
0-1

[Event "Match"]
[Site "www.echecsemail.com"]
[Date "2016.06.22"]
[Round "1"]
[White "Pwain"]
[Black "Norwich"]
[WhiteElo "1499"]
[BlackElo "1800"]
[Result "1-0"]
[Round "1"]
1.e4 e5
2.Ng1f3 Nb8c6
3.Bf1b5 a6
4.Bb5a4 Ng8f6
5.O-O Nf6xe4
6.Rf1e1 Ne4c5
7.Ba4xc6 dxc6
8.Nf3xe5 Bf8e7
9.d4 Nc5e6
10.Bc1e3 O-O
11.c4  { time }
1-0

[Event "Match"]
[Site "www.echecsemail.com"]
[Date "2016.06.22"]
[Round "1"]
[White "Iko"]
[Black "Mrynmryn"]
[WhiteElo "1660"]
[BlackElo "1599"]
[Result "0-1"]
[Round "1"]
1.e4 e5
2.Ng1f3 Ng8f6
3.Nf3xe5 d6
4.Ne5d3 Nf6xe4
5.Qd1e2 Qd8e7
6.f3 Ne4f6
7.g4 Nb8c6
8.h4 Nc6d4
9.Qe2xe7 Bf8xe7
10.c3 Nd4c2
11.Kd1 Nc2xa1
12.b3 b6
13.Bc1b2 Na1xb3
14.axb3 Bc8b7
15.Bf1g2 O-O-O
16.Rh1e1 Rh8e8
17.g5 Nf6h5
18.Bg2h3 Kb8
19.c4 Bb7xf3
20.Kc2 f6
21.gxf6 Be7xf6
22.Re1f1 Bf3e4
23.Rf1f5 Be4xf5
24.Bh3xf5 Bf6xb2
25.Kxb2 g6
26.Nd3b4 gxf5
27.Nb4d5 f4
28.d3 f3
29.Nb1d2 Re8e2
30.Kc3 Nh5g3
31.Nd2xf3 Rd8f8
32.Nf3d4 Re2h2
33.Nd4e6 Rf8f7
34.Ne6g5 Rf7f2
35.Ng5xh7 Rh2xh4
36.Nh7f6 Rh4h2
37.Nf6d7 Kc8
38.Nd5f6 c5
39.Nf6g4 Rf2c2

0-1

[Event "Match"]
[Site "www.echecsemail.com"]
[Date "2016.06.22"]
[Round "1"]
[White "Gegonz"]
[Black "Pinehill"]
[WhiteElo "1660"]
[BlackElo "2060"]
[Result "0-1"]
[Round "1"]
1.Ng1f3 d5
2.d4 Ng8f6
3.c4 c6
4.Nb1c3 Bc8f5
5.Bc1g5 e6
6.e3 Nb8d7
7.Bf1d3 Bf8e7
8.O-O O-O
9.Bd3xf5 exf5
10.Qd1b3 Qd8c7
11.Ra1c1 dxc4
12.Qb3xc4 h6
 { time }
0-1

[Event "Match"]
[Site "www.echecsemail.com"]
[Date "2016.06.22"]
[Round "1"]
[White "Nulladies"]
[Black "Pwain"]
[WhiteElo "1739"]
[BlackElo "1499"]
[Result "0-1"]
[Round "1"]
1.d4 c5
2.Ng1f3 cxd4
3.Nf3xd4 d5
4.Bc1f4 f6
5.Nd4f3 e5
6.Bf4g3 Nb8c6
7.e3 Bc8e6
8.c3 Bf8d6
9.Bf1b5 Ng8e7
10.O-O O-O
11.Nb1d2 a6
12.Bb5e2 b5
13.b4 Qd8c7
14.a4 Ra8b8
15.a5 Ne7f5
16.e4 Nf5xg3
17.hxg3 Rf8d8
18.Qd1c2 Nc6xb4
19.Qc2b3 Be6f7
20.cxb4 dxe4
21.Qb3e3 exf3
22.Nd2xf3 Bd6xb4
23.Rf1c1 Qc7e7
24.Nf3h4 Bb4d2
25.Qe3c5 Qe7xc5
26.Rc1xc5 Rb8c8
27.Rc5xc8 Rd8xc8
28.Kh2 Bf7c4
29.Nh4f3 Bd2c3
30.Be2xc4 Rc8xc4
31.Ra1d1 Bc3d4
32.Nf3d2 Rc4c6
33.f4 Kf7
34.Nd2f3 Rc6d6
35.fxe5 fxe5
36.Nf3g5 Ke7
37.Ng5f3 Rd6h6
38.Nf3h4 g5
39.Kh3 gxh4
40.gxh4 b4
41.Rd1b1 Bd4c3
42.g3 e4
43.Rb1f1 e3
44.Rf1f4 e2
45.Rf4e4 Rh6e6
{ resign }
0-1

[Event "Match"]
[Site "www.echecsemail.com"]
[Date "2016.06.22"]
[Round "1"]
[White "Fabos12"]
[Black "Milkyway"]
[WhiteElo "1810"]
[BlackElo "1809"]
[Result "1-0"]
[Round "1"]
1.Ng1f3 d5
2.d4 c6
3.c4 e6
4.Nb1c3 a6
5.Bc1f4 Ng8f6
6.e3 Bf8b4
7.Bf1d3 O-O
8.cxd5 exd5
9.Ra1c1 Rf8e8
10.O-O Nb8d7
11.Nc3e2 Nd7f8
12.a3 Bb4d6
13.Nf3e5 Nf8e6
14.Bf4g3 Nf6h5
15.b4 Nh5xg3
16.fxg3 Bd6xe5
17.dxe5 Qd8e7
18.Ne2f4 Ne6xf4
19.exf4 f6
20.Rf1e1 fxe5
21.Re1xe5 Qe7f7
22.Qd1e2 Bc8d7
23.Rc1e1 Re8xe5
24.Qe2xe5 Ra8e8
25.Qe5a1 Re8xe1
26.Qa1xe1 g6
27.Qe1e5 Bd7e6
28.Qe5b8 Kg7
29.Qb8a7 h5
30.Qa7d4 Qf7f6
31.Qd4a7 Qf6e7
32.Qa7d4 Qe7f6
33.Qd4xf6 Kxf6
34.Kf2 Be6f5
35.Bd3xf5 Kxf5
36.Ke3 b6
37.Kd4 Ke6
38.a4 Kd6
39.h3 c5
40.bxc5 bxc5
41.Kc3 a5
42.g4 hxg4
43.hxg4 Ke6
44.g3  { time }
1-0

[Event "Match"]
[Site "www.echecsemail.com"]
[Date "2016.06.22"]
[Round "1"]
[White "Liencam2"]
[Black "Johndyson"]
[WhiteElo "2360"]
[BlackElo "2590"]
[Result "0-1"]
[Round "1"]
1.e4 c6
2.d4 d5
3.f3 dxe4
4.fxe4 e5
5.Ng1f3 Bc8g4
6.Bf1c4 Nb8d7
7.O-O Ng8f6
8.Bc1g5 exd4
9.Bc4xf7 Kxf7
10.e5 Bg4xf3
11.Qd1xf3 Nd7xe5
12.Qf3f5 Ne5g6
13.Nb1d2 Bf8e7
14.Ra1e1 Qd8d5
15.Qf5xd5 cxd5
16.Nd2b3 Ra8c8
17.Nb3xd4 Be7c5
18.c3 Bc5xd4
19.cxd4 Rh8e8
20.Re1xe8 Rc8xe8
21.Rf1c1 Nf6e4
{ resign }
0-1

[Event "Match"]
[Site "www.echecsemail.com"]
[Date "2016.06.22"]
[Round "1"]
[White "Susov"]
[Black "Gambitmiau"]
[WhiteElo "1870"]
[BlackElo "1820"]
[Result "0-1"]
[Round "1"]
1.e4 Nb8c6
2.d4 d5
3.e5 Bc8f5
4.a3 e6
5.Bf1b5 Ng8e7
6.Bc1g5 Qd8d7
7.h3 a6
8.Bb5xc6 Ne7xc6
9.c3 Bf8e7
10.Qd1d2 O-O
11.Bg5f4 Nc6a5
12.Ng1f3 Na5b3
13.Qd2d1 Nb3xa1
14.Nb1d2 Na1c2
15.Kf1 Qd7a4
16.Qd1c1 c5
17.Ke2 cxd4
18.cxd4 Ra8c8
19.Qc1d1 Nc2xd4
20.Nf3xd4 Qa4xd4
21.Bf4e3 Qd4d3
22.Ke1 Qd3c2
23.g4 Qc2xd1
24.Kxd1 Bf5c2
25.Ke2 Be7c5
26.Rh1c1 Bc5xe3
27.fxe3 Bc2d3
28.Kd1 Rc8xc1
29.Kxc1 Rf8c8
30.Kd1 h6
31.Nd2b3 Bd3c2
{ resign }
0-1

[Event "1/128 Finale"]
[Site "www.chess-mail.com"]
[Date "2016.06.22"]
[Round "1"]
[White "Jhzes"]
[Black "Genius6"]
[WhiteElo "2090"]
[BlackElo "1710"]
[Result "1-0"]
[Round "1"]
1.Nb1c3 c5
2.e4 a6
3.Bf1c4 e6
4.d4 cxd4
5.Qd1xd4 Nb8c6
6.Qd4e3 b5
7.Bc4b3 d6
8.Bc1d2 Ng8f6
9.f3  { time }
1-0